[Event "World Blitz Championship"]
[Site "Berlin GER"]
[Date "2015.10.13"]
[EventDate "2015.10.13"]
[Round "4.6"]
[Result "1/2-1/2"]
[White "Alexander Riazantsev"]
[Black "Dmitry Andreikin"]
[WhiteElo "2646"]
[BlackElo "2720"]
[PlyCount "77"]

1. d4 d5 2. c4 c6 3. Nc3 Nf6 4. e3 g6 5. Nf3 Bg7 6. h3 O-O
7. Bd3 c5 8. O-O cxd4 9. exd4 Nc6 10. Re1 dxc4 11. Bxc4 Na5
12. Bf1 b6 13. Bg5 Bb7 14. Ne5 Rc8 15. Qd2 Nd5 16. Nxd5 Bxd5
17. Ba6 f6 18. Bxc8 Qxc8 19. b4 Nb7 20. Bh4 fxe5 21. Bxe7 Re8
22. dxe5 Bxg2 23. Kxg2 Rxe7 24. Qd5+ Kh8 25. Rac1 Qf5 26. f4
h5 27. Qe4 Qf7 28. Rc6 Kh7 29. Kh2 Nd8 30. Rd6 Ne6 31. Rf1 Qf5
32. Qxf5 gxf5 33. Kg3 Nxf4 34. Rxf4 Bxe5 35. Rd5 h4+ 36. Kf3
Bxf4 37. Kxf4 Re4+ 38. Kxf5 Rxb4 39. Rd7+ 1/2-1/2

[Event "World Blitz Championship"]
[Site "Berlin GER"]
[Date "2015.10.13"]
[EventDate "2015.10.13"]
[Round "5.10"]
[Result "1/2-1/2"]
[White "Dmitry Andreikin"]
[Black "Martyn Kravtsiv"]
[WhiteElo "2720"]
[BlackElo "2621"]
[PlyCount "81"]

1. Nc3 Nf6 2. e4 e5 3. Nf3 Nc6 4. Bb5 Bb4 5. O-O O-O 6. d3 d6
7. Ne2 Ne7 8. c3 Bc5 9. Ng3 Ng6 10. d4 Bb6 11. h3 h6 12. Bd3
c6 13. Be3 Re8 14. Qd2 d5 15. dxe5 Nxe4 16. Bxe4 dxe4 17. Qxd8
Bxd8 18. Nxe4 Nxe5 19. Nxe5 Rxe5 20. Nd6 Bc7 21. Rfd1 Bxd6
22. Rxd6 Be6 23. a3 a6 24. Rad1 Rd5 25. R1xd5 Bxd5 26. Rd7 b5
27. f3 a5 28. Kf2 Re8 29. b4 axb4 30. cxb4 h5 31. g4 hxg4
32. hxg4 f6 33. Bd4 Re6 34. a4 bxa4 35. b5 a3 36. b6 c5
37. Rxd5 cxd4 38. b7 Re8 39. Rxd4 Rb8 40. Ra4 Rxb7 41. Rxa3
1/2-1/2

[Event "World Blitz Championship"]
[Site "Berlin GER"]
[Date "2015.10.13"]
[EventDate "2015.10.13"]
[Round "6.12"]
[Result "0-1"]
[White "David Anton Guijarro"]
[Black "Dmitry Andreikin"]
[WhiteElo "2634"]
[BlackElo "2720"]
[PlyCount "78"]

1. e4 c5 2. Nc3 a6 3. g3 b5 4. Bg2 Bb7 5. d3 e6 6. Nh3 b4
7. Na4 Bc6 8. b3 Bxa4 9. bxa4 Nc6 10. O-O Nf6 11. a3 Be7
12. axb4 cxb4 13. Bb2 e5 14. f4 Bc5+ 15. Kh1 d6 16. g4 h5
17. gxh5 Nxh5 18. Qg4 Qc8 19. f5 Bd4 20. Rab1 a5 21. Bc1 Ne7
22. c4 bxc3 23. Ng5 Ng8 24. Nf3 Ngf6 25. Qg5 Qa6 26. Nxd4 Qxd3
27. Nb5 Qxb1 28. Nxd6+ Ke7 29. Nc4 Qd3 30. Ba3+ Ke8 31. Nd6+
Kd7 32. Rc1 Ng3+ 33. Kg1 Ne2+ 34. Kf2 Nxc1 35. Qxg7 Qe2+
36. Kg1 Qe1+ 37. Bf1 Ne2+ 38. Kg2 Nf4+ 39. Kg1 Rag8 0-1

[Event "World Blitz Championship"]
[Site "Berlin GER"]
[Date "2015.10.13"]
[EventDate "2015.10.13"]
[Round "7.6"]
[Result "1-0"]
[White "Dmitry Andreikin"]
[Black "Ivan Cheparinov"]
[WhiteElo "2720"]
[BlackElo "2681"]
[PlyCount "83"]

1. Nc3 c5 2. Nf3 Nc6 3. d4 cxd4 4. Nxd4 Nf6 5. Bg5 Qb6 6. Nb3
e6 7. e4 Be7 8. Bd3 a6 9. Qe2 d6 10. O-O-O Qc7 11. f4 b5
12. Rhe1 Bb7 13. e5 dxe5 14. fxe5 Nd5 15. Bd2 Ncb4 16. Kb1
Nxd3 17. Qxd3 Nxc3+ 18. Bxc3 Rd8 19. Qg3 Rxd1+ 20. Rxd1 O-O
21. a3 Bd5 22. Nd4 Qb7 23. Bd2 Rc8 24. Bg5 Bf8 25. h4 Kh8
26. h5 h6 27. Bc1 a5 28. Rf1 b4 29. axb4 axb4 30. b3 Ra8
31. Bb2 Rc8 32. Qf4 Kg8 33. g4 Qe7 34. Nb5 Ra8 35. Nd6 Qa7
36. Qxf7+ Qxf7 37. Nxf7 Bg2 38. Rf4 Be7 39. Nd6 Rb8 40. Bc1
Bg5 41. Rc4 Bxc1 42. Kxc1 1-0

[Event "World Blitz Championship"]
[Site "Berlin GER"]
[Date "2015.10.13"]
[EventDate "2015.10.13"]
[Round "9.9"]
[Result "1/2-1/2"]
[White "Pavel Eljanov"]
[Black "Dmitry Andreikin"]
[WhiteElo "2717"]
[BlackElo "2720"]
[PlyCount "82"]

1. d4 d5 2. Nf3 Nf6 3. c4 c6 4. e3 g6 5. Nc3 Bg7 6. Be2 O-O
7. O-O a6 8. a4 Bg4 9. cxd5 cxd5 10. Qb3 Ra7 11. h3 Bxf3
12. Bxf3 e6 13. a5 Nc6 14. Qa4 Ra8 15. Bd2 e5 16. dxe5 Nxe5
17. Be2 Nc4 18. Bxc4 dxc4 19. Rfd1 Rc8 20. Ne2 Ne4 21. Bc3 Qh4
22. Rf1 Rfd8 23. Bxg7 Kxg7 24. Nc3 Nd2 25. Rfd1 Rc5 26. Qc2
Nf3+ 27. gxf3 Qxh3 28. Ne4 Qxf3 29. Qc3+ Kh6 30. Rxd8 Qxe4
31. Qd4 Rg5+ 32. Kf1 Qh1+ 33. Ke2 Qxa1 34. Qh4+ Rh5 35. Qf4+
Rg5 36. Qh4+ Rh5 37. Qf4+ Kg7 38. Qd4+ Kh6 39. Qf4+ Kg7
40. Qd4+ Kh6 41. Qf4+ Kg7 1/2-1/2

[Event "World Blitz Championship"]
[Site "Berlin GER"]
[Date "2015.10.14"]
[EventDate "2015.10.13"]
[Round "12.21"]
[Result "1-0"]
[White "Pavel Ponkratov"]
[Black "Dmitry Andreikin"]
[WhiteElo "2604"]
[BlackElo "2720"]
[PlyCount "67"]

1. d4 d5 2. c4 c6 3. Nf3 Nf6 4. Qc2 e6 5. g3 Nbd7 6. Nbd2 b6
7. Bg2 Bb7 8. O-O Be7 9. e4 O-O 10. cxd5 cxd5 11. e5 Rc8
12. Qa4 Ne8 13. h4 Nc7 14. Re1 Ba6 15. Nf1 Bd3 16. Qd1 Bg6
17. Ng5 Na6 18. a3 Qc7 19. h5 Bc2 20. Qg4 Bf5 21. Qf4 h6
22. Nf3 Nab8 23. g4 Be4 24. Ng3 Bxf3 25. Qxf3 Nc6 26. Qd1 f6
27. exf6 Bxf6 28. Rxe6 Bxd4 29. Nf5 Rxf5 30. gxf5 Qg3 31. Be3
Qh4 32. Bxd5 Kh8 33. Bxc6 Be5 34. Qxd7 1-0

[Event "World Blitz Championship"]
[Site "Berlin GER"]
[Date "2015.10.14"]
[EventDate "2015.10.13"]
[Round "13.33"]
[Result "1/2-1/2"]
[White "Dmitry Andreikin"]
[Black "Alexander Huzman"]
[WhiteElo "2720"]
[BlackElo "2580"]
[PlyCount "92"]

1. Nc3 d5 2. e4 dxe4 3. Nxe4 Nd7 4. Nf3 Ngf6 5. d3 g6 6. g3
Bg7 7. Bg2 Nxe4 8. dxe4 O-O 9. h4 Nc5 10. Qe2 b6 11. h5 Ba6
12. Qe3 Qd7 13. e5 Rad8 14. Bd2 Qa4 15. b3 Qe4 16. O-O-O Qxe3
17. Bxe3 Bb7 18. Rxd8 Rxd8 19. Bxc5 bxc5 20. e6 fxe6 21. hxg6
hxg6 22. Nh4 Bxg2 23. Nxg2 Bd4 24. f4 e5 25. Rf1 exf4 26. gxf4
Rf8 27. Kd2 g5 28. Kd3 Kg7 29. Ke4 e6 30. Rf3 Kg6 31. fxg5
Rxf3 32. Nh4+ Kxg5 33. Nxf3+ Kg4 34. b4 Bf2 35. b5 c4 36. Ne5+
Kg5 37. Nxc4 Kf6 38. a4 Ke7 39. a5 Bc5 40. a6 Bf2 41. Ne5 Kd6
42. Nd3 Bg1 43. c4 c6 44. Nf4 cxb5 45. cxb5 Kc5 46. Nxe6+ Kxb5
1/2-1/2

[Event "World Blitz Championship"]
[Site "Berlin GER"]
[Date "2015.10.14"]
[EventDate "2015.10.13"]
[Round "14.35"]
[Result "1/2-1/2"]
[White "Alexander Moiseenko"]
[Black "Dmitry Andreikin"]
[WhiteElo "2692"]
[BlackElo "2720"]
[PlyCount "58"]

1. d4 d5 2. c4 c6 3. Nf3 Nf6 4. Nc3 a6 5. c5 Bf5 6. Bf4 Nbd7
7. h3 g6 8. e3 Bg7 9. Bd3 Bxd3 10. Qxd3 O-O 11. O-O Re8 12. b4
Nh5 13. Be5 Bxe5 14. Nxe5 Qc7 15. f4 Ng3 16. Rf3 Nf5 17. g4
Ng7 18. e4 e6 19. Nxd7 Qxd7 20. e5 Rf8 21. a4 f5 22. g5 h6
23. h4 Kf7 24. Kg2 Rh8 25. Rh1 Rh7 26. a5 Rah8 27. Rfh3 Qe7
28. Ne2 Nh5 29. Qf3 Qf8 1/2-1/2

[Event "World Blitz Championship"]
[Site "Berlin GER"]
[Date "2015.10.14"]
[EventDate "2015.10.13"]
[Round "15.35"]
[Result "1-0"]
[White "Dmitry Andreikin"]
[Black "Yuriy Kryvoruchko"]
[WhiteElo "2720"]
[BlackElo "2710"]
[PlyCount "61"]

1. Nc3 e5 2. Nf3 Nc6 3. d4 exd4 4. Nxd4 Nf6 5. Bg5 Be7 6. Nf5
Rg8 7. e3 d5 8. Nxe7 Nxe7 9. Qd4 Be6 10. O-O-O Qd7 11. Bxf6
gxf6 12. Qxf6 O-O-O 13. g3 Kb8 14. Bg2 Rg6 15. Qd4 Nc6 16. Qc5
Ne7 17. e4 c6 18. f4 f5 19. exd5 Nxd5 20. Rhe1 b6 21. Qa3 Rg7
22. Nxd5 cxd5 23. Re5 Bg8 24. Qe3 Qc7 25. c3 Rgd7 26. Qd4 Qc6
27. Rxf5 Qh6 28. Qe5+ Kc8 29. Rh5 Qg6 30. Bh3 d4 31. Rxd4 1-0

[Event "World Blitz Championship"]
[Site "Berlin GER"]
[Date "2015.10.14"]
[EventDate "2015.10.13"]
[Round "16.26"]
[Result "0-1"]
[White "Francisco Vallejo Pons"]
[Black "Dmitry Andreikin"]
[WhiteElo "2684"]
[BlackElo "2720"]
[PlyCount "112"]

1. e4 c5 2. Nc3 e6 3. Nge2 Nc6 4. d4 cxd4 5. Nxd4 a6 6. Be3
Nf6 7. a3 Be7 8. Qf3 O-O 9. O-O-O Qc7 10. Be2 b5 11. Qg3 Ne5
12. f4 Bxa3 13. Kb1 Bxb2 14. fxe5 Nh5 15. Bxh5 Bxc3 16. Bh6 g6
17. Bxf8 Kxf8 18. Rd3 b4 19. Rf1 Qa5 20. Nb3 Qa3 21. Rxc3 bxc3
22. Qxc3 gxh5 23. Qf3 Qe7 24. Qxh5 Rb8 25. Qxh7 Ke8 26. Rf3
Bb7 27. Rg3 Kd8 28. Rg8+ Kc7 29. Rxb8 Kxb8 30. Qh8+ Kc7
31. Qf6 Qb4 32. Kb2 Bxe4 33. Qxf7 Bxg2 34. Qf2 Bd5 35. Qa7+
Kd8 36. Qxa6 Bxb3 37. cxb3 Qd4+ 38. Kc2 Qxe5 39. Qb6+ Ke7
40. Qf2 d5 41. h4 d4 42. Kd3 Qb5+ 43. Kc2 Qc5+ 44. Kd1 Qc3
45. Qf4 Qxb3+ 46. Ke2 Qc4+ 47. Kd2 Qc3+ 48. Kd1 d3 49. Qg5+
Kd7 50. Qb5+ Kd6 51. Qb6+ Kd5 52. Qb5+ Ke4 53. Qb7+ Kf4
54. Qf7+ Kg3 55. Qg6+ Kh2 56. Qg4 Qc2+ 0-1

[Event "World Blitz Championship"]
[Site "Berlin GER"]
[Date "2015.10.14"]
[EventDate "2015.10.13"]
[Round "17.18"]
[Result "1-0"]
[White "Dmitry Andreikin"]
[Black "Sergei Vladimirovich Rublevsky"]
[WhiteElo "2720"]
[BlackElo "2702"]
[PlyCount "45"]

1. Nc3 c5 2. Nf3 Nc6 3. d4 cxd4 4. Nxd4 Nf6 5. Bg5 Qb6 6. Nb3
e6 7. e4 Be7 8. Bd3 a6 9. Qe2 d6 10. O-O-O Qc7 11. f4 h6
12. Bh4 Nxe4 13. Nxe4 Bxh4 14. Qg4 d5 15. Qxh4 dxe4 16. Bxe4
O-O 17. Kb1 a5 18. Nd4 Nxd4 19. Rxd4 Bd7 20. Qe7 Rad8 21. Rhd1
Rfe8 22. Rxd7 Rxe7 23. Rxd8+ 1-0

[Event "World Blitz Championship"]
[Site "Berlin GER"]
[Date "2015.10.14"]
[EventDate "2015.10.13"]
[Round "20.11"]
[Result "0-1"]
[White "Bartosz Socko"]
[Black "Dmitry Andreikin"]
[WhiteElo "2599"]
[BlackElo "2720"]
[PlyCount "88"]

1. e4 c5 2. Nf3 e6 3. d4 cxd4 4. Nxd4 a6 5. Bd3 g6 6. Qe2 Bg7
7. Be3 Ne7 8. Nd2 d5 9. c3 O-O 10. O-O e5 11. N4b3 Nbc6
12. Rad1 Qc7 13. f4 d4 14. cxd4 exd4 15. Bf2 Qxf4 16. Nc4 Bg4
17. Qd2 Qxd2 18. Rxd2 Bh6 19. Nb6 Rad8 20. Rc2 Nb4 21. Rc7
Nxd3 22. Rxe7 Be3 23. Bxe3 dxe3 24. h3 e2 25. hxg4 exf1=Q+
26. Kxf1 Rfe8 27. Rxb7 Rxe4 28. g3 Re1+ 29. Kg2 Re2+ 30. Kf3
Rxb2 31. Nc4 Rxa2 32. g5 Ra4 33. Nbd2 Nc5 34. Ra7 Ne6 35. Ke3
Nxg5 36. Nb6 Ra3+ 37. Ke2 Rxg3 38. Nd7 Kg7 39. Nc4 h5 40. Nde5
h4 41. Kf2 Ne4+ 42. Ke2 Ng5 43. Kf2 Rc3 44. Ne3 Rd2+ 0-1

[Event "ICC Open"]
[Site "ICC INT"]
[Date "2016.06.05"]
[EventDate "2016.06.05"]
[Round "2.1"]
[Result "1/2-1/2"]
[White "Federico Perez Ponsa"]
[Black "Dmitry Andreikin"]
[WhiteElo "2586"]
[BlackElo "2743"]
[PlyCount "187"]

1. e4 c6 2. d4 d5 3. Nc3 dxe4 4. Nxe4 Bf5 5. Ng3 Bg6 6. h4 h6
7. Nf3 Nd7 8. h5 Bh7 9. Bd3 Bxd3 10. Qxd3 Ngf6 11. Bd2 e6
12. O-O-O Bd6 13. Ne4 Nxe4 14. Qxe4 Nf6 15. Qe2 Bc7 16. Kb1
Qd5 17. c4 Qe4+ 18. Qxe4 Nxe4 19. Be3 f5 20. Kc2 f4 21. Kd3
fxe3 22. Kxe4 exf2 23. Rdf1 O-O 24. Rxf2 Rf4+ 25. Ke3 Raf8
26. Rhf1 c5 27. dxc5 Rxc4 28. Nd4 Rxf2 29. Rxf2 Rxc5 30. Rf8+
Kh7 31. g4 Be5 32. Nxe6 Rc6 33. Re8 Bf6 34. Ke4 g6 35. Nf8+
Kg7 36. Nxg6 Ra6 37. Rb8 Ra4+ 38. Kf3 Rxa2 39. Rxb7+ Kg8
40. b3 a5 41. Rb8+ Kf7 42. Rb7+ Kg8 43. Rb8+ Kf7 44. Nf4 a4
45. Rb7+ Kg8 46. Nd5 Bg5 47. bxa4 Rxa4 48. Rb4 Ra1 49. Ke4 Rf1
50. Ke5 Kf7 51. Rb7+ Kf8 52. Rb8+ Kf7 53. Rb7+ Kf8 54. Ke4 Kg8
55. Nc7 Rf4+ 56. Ke5 Rxg4 57. Ne6 Rg1 58. Kf5 Re1 59. Rg7+ Kh8
60. Rd7 Kg8 61. Rg7+ Kh8 62. Rb7 Kg8 63. Rb8+ Kh7 64. Rb7+ Kg8
65. Rb8+ Kh7 66. Rb7+ Kg8 67. Rb8+ Kf7 68. Rb7+ Be7 69. Nf4
Rf1 70. Ke4 Ke8 71. Nd5 Bg5 72. Rh7 Kf8 73. Rd7 Rh1 74. Kf5
Rxh5 75. Ke6 Rh1 76. Rd6 Re1+ 77. Kf5 Kg7 78. Nc7 Rf1+ 79. Kg4
Rf4+ 80. Kg3 Ra4 81. Ne6+ Kg6 82. Nc5+ Kf5 83. Nxa4 Bf4+
84. Kf3 Bxd6 85. Nc3 Be5 86. Ne2 Bf6 87. Kg2 Bg5 88. Ng1 Kg6
89. Nf3 h5 90. Kh3 Kh6 91. Nh2 Kg6 92. Nf1 Kh6 93. Ng3 Kh7
94. Nxh5 1/2-1/2

[Event "ICC Open"]
[Site "ICC INT"]
[Date "2016.06.05"]
[EventDate "2016.06.05"]
[Round "2.2"]
[Result "1-0"]
[White "Dmitry Andreikin"]
[Black "Federico Perez Ponsa"]
[WhiteElo "2743"]
[BlackElo "2586"]
[PlyCount "131"]

1. d4 Nf6 2. Nf3 g6 3. Bf4 Bg7 4. Nbd2 O-O 5. e3 d6 6. h3 b6
7. Bh2 Bb7 8. c3 Nbd7 9. Bd3 c5 10. Qe2 a6 11. O-O d5 12. a4
Re8 13. Rfe1 e6 14. b4 cxb4 15. cxb4 Qe7 16. b5 a5 17. Ne5
Nxe5 18. Bxe5 Rec8 19. Nf3 Nd7 20. Bxg7 Kxg7 21. Qd2 Rc7
22. Rec1 Rac8 23. Rxc7 Rxc7 24. Rc1 Qd8 25. h4 h6 26. g4 Qc8
27. Rxc7 Qxc7 28. g5 hxg5 29. hxg5 Kg8 30. Qc2 Qxc2 31. Bxc2
Kf8 32. Kg2 Ke7 33. Kg3 Kd6 34. Kf4 Bc8 35. Bb3 Bb7 36. Bd1
Ba8 37. Be2 Bb7 38. Bf1 Ba8 39. Bh3 Bb7 40. Bg4 Ba8 41. Kg3
Bb7 42. Nd2 Ba8 43. Nf3 Bb7 44. Nh2 Ba8 45. Bh3 Bb7 46. Ng4
Ba8 47. Nh6 Ke7 48. Ng4 Bb7 49. Kf4 Kd6 50. Nh6 Ke7 51. Ng8+
Kf8 52. Nf6 Ke7 53. Nxd7 Kxd7 54. Ke5 Ke7 55. f3 Ba8 56. Bf1
Bb7 57. Bd3 Ba8 58. Bc2 Bb7 59. Bb3 Ba8 60. e4 Bb7 61. exd5
exd5 62. Bxd5 Bc8 63. Bb3 Bh3 64. d5 Bg2 65. f4 Bh3 66. d6+
1-0

[Event "ICC Open"]
[Site "ICC INT"]
[Date "2016.06.05"]
[EventDate "2016.06.05"]
[Round "2.3"]
[Result "1-0"]
[White "Federico Perez Ponsa"]
[Black "Dmitry Andreikin"]
[WhiteElo "2586"]
[BlackElo "2743"]
[PlyCount "111"]

1. e4 c6 2. d4 d5 3. Nc3 dxe4 4. Nxe4 Bf5 5. Ng3 Bg6 6. h4 h6
7. Nf3 Nd7 8. h5 Bh7 9. Bd3 Bxd3 10. Qxd3 Ngf6 11. Bd2 e6
12. O-O-O Bd6 13. Ne4 Nxe4 14. Qxe4 Nf6 15. Qe2 Bc7 16. c4 b5
17. Kb1 bxc4 18. Qxc4 O-O 19. Rc1 Rb8 20. Qxc6 Nd5 21. Ka1 Qf6
22. Qc2 Rb7 23. Qe4 Rfb8 24. Rc2 Qd8 25. Rhc1 Qd7 26. Ne5 Bxe5
27. dxe5 Rd8 28. g4 Rdb8 29. g5 hxg5 30. Bxg5 Nb4 31. Rd2 Qa4
32. b3 Qa3 33. Rg1 Nxa2 34. Rxa2 Qxb3 35. Qc2 Qd5 36. Bd2 Rb3
37. Rc1 Qxe5+ 38. Bc3 Qxh5 39. Rg1 e5 40. f4 Qh7 41. Qxh7+
Kxh7 42. Bxe5 f6 43. Bxb8 Rxb8 44. Rxa7 Rg8 45. f5 Kh6 46. Ra2
g5 47. fxg6 Rxg6 48. Rh2+ Kg7 49. Rxg6+ Kxg6 50. Kb1 Kg5
51. Kc1 Kg4 52. Kd1 f5 53. Ke1 Kg3 54. Rf2 f4 55. Kf1 f3
56. Rb2 1-0

[Event "ICC Open"]
[Site "ICC INT"]
[Date "2016.06.05"]
[EventDate "2016.06.05"]
[Round "3.6"]
[Result "0-1"]
[White "Dmitry Andreikin"]
[Black "Alexander Grischuk"]
[WhiteElo "2743"]
[BlackElo "2747"]
[PlyCount "92"]

1. d4 Nf6 2. Nf3 g6 3. Bf4 Bg7 4. Nbd2 O-O 5. c3 Nh5 6. Bg5 h6
7. Bh4 g5 8. Bg3 d6 9. e4 e6 10. Bd3 Nd7 11. Nc4 Qe7 12. Nfd2
Nxg3 13. hxg3 c5 14. e5 dxe5 15. Nxe5 cxd4 16. cxd4 Qb4
17. Nc4 Rd8 18. a3 Qe7 19. Qe2 Nb6 20. Nxb6 axb6 21. Nf3 Bd7
22. O-O Bc6 23. Be4 Bxd4 24. Rac1 Bxe4 25. Qxe4 Bg7 26. Rc2
Rac8 27. Rfc1 Rxc2 28. Rxc2 Bf6 29. g4 Kg7 30. g3 Rd5 31. Kg2
Qd7 32. Qb4 Qb5 33. Qxb5 Rxb5 34. b4 Rd5 35. Rc7 e5 36. Rxb7
e4 37. Ne1 Rd2 38. Rc7 e3 39. Nc2 e2 40. Ne1 Rd1 41. Kf3 Rxe1
42. Rb7 Bd4 43. a4 Rb1 44. Kxe2 Rxb4 45. f3 Rxa4 46. Kd3 Be5
0-1

[Event "Eurasian Blitz Chess Cup"]
[Site "Almaty KAZ"]
[Date "2016.06.18"]
[EventDate "2016.06.18"]
[Round "1.8"]
[Result "0-1"]
[White "Alina L'Ami"]
[Black "Dmitry Andreikin"]
[WhiteElo "2358"]
[BlackElo "2743"]
[PlyCount "42"]

1. d4 g6 2. c4 Bg7 3. Nc3 d6 4. e4 e5 5. d5 Nd7 6. Bd3 a5
7. Nge2 Nc5 8. Bc2 Ne7 9. O-O O-O 10. Be3 b6 11. a3 f5 12. f4
fxe4 13. fxe5 Nf5 14. Bxc5 bxc5 15. e6 Ba6 16. Bxe4 Ne3
17. Rxf8+ Qxf8 18. Qd3 Bh6 19. Nb5 Qf6 20. Qc3 Qh4 21. g3 Qxe4
0-1

[Event "Eurasian Blitz Chess Cup"]
[Site "Almaty KAZ"]
[Date "2016.06.18"]
[EventDate "2016.06.18"]
[Round "3.6"]
[Result "1-0"]
[White "Dmitry Andreikin"]
[Black "Andrei Volokitin"]
[WhiteElo "2743"]
[BlackElo "2624"]
[PlyCount "39"]

1. Nf3 c5 2. e4 d6 3. c3 Nf6 4. h3 Nc6 5. Bd3 d5 6. e5 c4
7. Bc2 Nd7 8. Qe2 Qc7 9. e6 fxe6 10. b3 Nde5 11. Na3 Nxf3+
12. Qxf3 Qe5+ 13. Kd1 cxb3 14. axb3 Bd7 15. Re1 Qf6 16. Qg3 e5
17. Nb5 Kd8 18. d4 Nxd4 19. Nxa7 Nxc2 20. Nc6+ 1-0

[Event "Eurasian Blitz Chess Cup"]
[Site "Almaty KAZ"]
[Date "2016.06.18"]
[EventDate "2016.06.18"]
[Round "6.11"]
[Result "1/2-1/2"]
[White "Dmitry Andreikin"]
[Black "Viktor Antonovich Bologan"]
[WhiteElo "2743"]
[BlackElo "2654"]
[PlyCount "81"]

1. d4 Nf6 2. c4 e6 3. Nf3 b6 4. a3 Ba6 5. e3 g6 6. Nc3 Bg7
7. e4 O-O 8. Be2 c5 9. d5 exd5 10. exd5 d6 11. O-O Nbd7
12. Bf4 Ne8 13. Re1 Bxc3 14. bxc3 f6 15. Nd2 Ne5 16. Bg3 Ng7
17. f4 Nf7 18. Bd3 Bc8 19. Bh4 Nh6 20. h3 Bf5 21. Bf1 g5
22. fxg5 fxg5 23. Bg3 Bg6 24. Ne4 Bxe4 25. Rxe4 Qf6 26. Qd2
Nhf5 27. Bh2 Rae8 28. Bd3 Nh4 29. Rxe8 Rxe8 30. Rf1 Qe7
31. Qf2 Qe3 32. Bxd6 Nf3+ 33. gxf3 Qxd3 34. Re1 Rxe1+ 35. Qxe1
Qxf3 36. Qe7 h6 37. Be5 Qe3+ 38. Kg2 Qe2+ 39. Kg1 Qe1+ 40. Kg2
Qe2+ 41. Kg1 1/2-1/2

[Event "Eurasian Blitz Chess Cup"]
[Site "Almaty KAZ"]
[Date "2016.06.18"]
[EventDate "2016.06.18"]
[Round "7.8"]
[Result "1/2-1/2"]
[White "Dmitry Andreikin"]
[Black "Mihail Marin"]
[WhiteElo "2743"]
[BlackElo "2576"]
[PlyCount "98"]

1. d4 Nf6 2. Bg5 c5 3. d5 Ne4 4. Bf4 e6 5. f3 Qa5+ 6. c3 Nf6
7. e4 exd5 8. exd5 d6 9. Na3 Be7 10. Ne2 O-O 11. Ng3 Re8
12. Be2 Bf8 13. O-O a6 14. Nc4 Qc7 15. a4 b6 16. Ne3 Nbd7
17. Ng4 c4 18. Kh1 Bb7 19. Ne3 b5 20. axb5 axb5 21. Rxa8 Bxa8
22. Ngf5 Nb6 23. Bg5 Nbxd5 24. Ng4 Nxg4 25. fxg4 f6 26. Bf3
Nxc3 27. bxc3 Bxf3 28. Qxf3 fxg5 29. Nd4 Qd7 30. Nxb5 g6
31. g3 d5 32. Kg2 Bg7 33. Nd6 Re5 34. Nf7 Re7 35. Nxg5 h6
36. Nh3 d4 37. cxd4 Qxd4 38. Nf4 Qd6 39. h4 c3 40. h5 g5
41. Nd5 Rd7 42. Nxc3 Bxc3 43. Qxc3 Qd2+ 44. Qxd2 Rxd2+ 45. Rf2
Rd4 46. Rf6 Kg7 47. Rg6+ Kh7 48. Kf3 Rd3+ 49. Kf2 Rd4 1/2-1/2

[Event "Eurasian Blitz Chess Cup"]
[Site "Almaty KAZ"]
[Date "2016.06.18"]
[EventDate "2016.06.18"]
[Round "8.8"]
[Result "1/2-1/2"]
[White "Mihail Marin"]
[Black "Dmitry Andreikin"]
[WhiteElo "2576"]
[BlackElo "2743"]
[PlyCount "75"]

1. Nf3 g6 2. e4 Bg7 3. d4 d6 4. c3 Nf6 5. Bd3 O-O 6. O-O Nc6
7. Re1 e5 8. Nbd2 Re8 9. h3 d5 10. dxe5 Nxe4 11. Nxe4 dxe4
12. Bxe4 Qxd1 13. Rxd1 Nxe5 14. Nxe5 Bxe5 15. Bf3 c6 16. Bh6
Bc7 17. a4 Be6 18. a5 a6 19. Be3 Rad8 20. Rxd8 Bxd8 21. b4 Bf6
22. Rc1 Rd8 23. Be2 Be7 24. Kf1 f5 25. f4 Kf7 26. Kf2 Bd5
27. g4 Be4 28. Rd1 Rxd1 29. Bxd1 Ke6 30. Bd4 Bd6 31. Ke3 Bg2
32. h4 Bd5 33. g5 Bc4 34. h5 Bc7 35. h6 Bd6 36. Bf3 Bc7
37. Bd1 Bd6 38. Bf3 1/2-1/2

[Event "Eurasian Blitz Chess Cup"]
[Site "Almaty KAZ"]
[Date "2016.06.18"]
[EventDate "2016.06.18"]
[Round "9.9"]
[Result "0-1"]
[White "Valentina Gunina"]
[Black "Dmitry Andreikin"]
[WhiteElo "2518"]
[BlackElo "2743"]
[PlyCount "69"]

1. d4 g6 2. e4 Bg7 3. f3 d5 4. e5 c5 5. c3 Nc6 6. Bb5 Qb6
7. Ba4 Nh6 8. Ne2 O-O 9. O-O cxd4 10. cxd4 Nxe5 11. Nbc3 Rd8
12. Qb3 Nd3 13. Bxh6 Bxh6 14. Nxd5 Qxb3 15. Bxb3 e6 16. Nf6+
Kh8 17. Ng4 Bg7 18. Rfd1 Nb4 19. Ne5 Kg8 20. Rac1 a5 21. a3
Nc6 22. f4 Bd7 23. Nc3 Be8 24. Ne2 a4 25. Bc4 Rd6 26. Kf2 Rad8
27. Ke3 Kf8 28. Rd3 f6 29. Nf3 e5 30. d5 Na5 31. fxe5 fxe5
32. Ng5 Bh6 33. h4 Nxc4+ 34. Rxc4 Bb5 35. Rdc3 0-1

[Event "Eurasian Blitz Chess Cup"]
[Site "Almaty KAZ"]
[Date "2016.06.18"]
[EventDate "2016.06.18"]
[Round "10.9"]
[Result "1/2-1/2"]
[White "Dmitry Andreikin"]
[Black "Valentina Gunina"]
[WhiteElo "2743"]
[BlackElo "2518"]
[PlyCount "209"]

1. d4 Nf6 2. Bg5 d5 3. e3 c5 4. c3 Nc6 5. Nd2 e6 6. Bd3 Be7
7. f4 O-O 8. Ngf3 b6 9. O-O Bb7 10. Ne5 Nxe5 11. fxe5 Ne4
12. Bxe7 Qxe7 13. Bxe4 dxe4 14. Qg4 cxd4 15. exd4 e3 16. Ne4
Kh8 17. Rae1 f5 18. exf6 gxf6 19. Qh4 e5 20. dxe5 Qxe5
21. Nxf6 Rf7 22. Qd4 Qxd4 23. cxd4 e2 24. Rf2 Raf8 25. Ng4 Ba6
26. d5 Rxf2 27. Nxf2 Rd8 28. Ne4 Rxd5 29. Kf2 Re5 30. Nc3 Rf5+
31. Ke3 Re5+ 32. Kd2 Rh5 33. h3 Rg5 34. g4 h5 35. Nxe2 hxg4
36. hxg4 Rxg4 37. Nc3 Rd4+ 38. Kc2 Bd3+ 39. Kb3 Rd7 40. Rg1
Kh7 41. a4 Rc7 42. Kb4 Rc4+ 43. Ka3 Rc7 44. Rg3 Bg6 45. Kb4
Rc5 46. Re3 a5+ 47. Ka3 Bf5 48. Re7+ Kg6 49. Rb7 Rc6 50. Nd5
Rc1 51. Rxb6+ Kg5 52. Rb5 Ra1+ 53. Kb3 Be6 54. Kc2 Kg4 55. Nc3
Bf5+ 56. Kd2 Rh1 57. Nd5 Rh2+ 58. Kc3 Be6 59. Nc7 Rh3+ 60. Kd4
Bd7 61. Rxa5 Rb3 62. Nd5 Kg3 63. Ra7 Bxa4 64. Rxa4 Rxb2
65. Ke4 Re2+ 66. Ne3 Re1 67. Ra2 Kh4 68. Rg2 Kh5 69. Kf5 Kh4
70. Kf4 Kh5 71. Rg5+ Kh6 72. Rg3 Rh1 73. Kf5 Rh5+ 74. Kf6 Kh7
75. Nf5 Rh1 76. Rg7+ Kh8 77. Ra7 Rg1 78. Ne7 Rf1+ 79. Nf5 Rg1
80. Rb7 Rg2 81. Nh4 Rf2+ 82. Kg6 Kg8 83. Ra7 Kf8 84. Nf5 Ke8
85. Kf6 Re2 86. Nd4 Re1 87. Nc6 Rf1+ 88. Ke6 Kf8 89. Ne5 Kg8
90. Ng4 Re1+ 91. Kf5 Kf8 92. Ne5 Rf1+ 93. Ke6 Kg8 94. Rb7 Rf2
95. Ng4 Re2+ 96. Kf6 Kf8 97. Rb8+ Re8 98. Rb1 Re2 99. Rc1 Ke8
100. Rd1 Re7 101. Ne5 Ra7 102. Rd6 Rh7 103. Ng6 Rd7 104. Ra6
Kd8 105. Ra8+ 1/2-1/2

[Event "Eurasian Blitz Chess Cup"]
[Site "Almaty KAZ"]
[Date "2016.06.18"]
[EventDate "2016.06.18"]
[Round "11.6"]
[Result "0-1"]
[White "Dmitry Andreikin"]
[Black "Farrukh Amonatov"]
[WhiteElo "2743"]
[BlackElo "2614"]
[PlyCount "176"]

1. d4 Nf6 2. Bg5 Ne4 3. Bf4 d5 4. e3 c5 5. Bd3 Nf6 6. c3 Qb6
7. Qc1 Nc6 8. Nd2 Bg4 9. h3 Bh5 10. Ngf3 Rc8 11. dxc5 Qxc5
12. O-O e6 13. Nd4 Be7 14. a4 O-O 15. N2b3 Qb6 16. a5 Qd8
17. a6 b6 18. Nxc6 Rxc6 19. Bb5 Rc8 20. Nd4 Ne4 21. Bc6 Bd6
22. Bxd6 Nxd6 23. f4 Rc7 24. b4 Qe7 25. b5 Bg6 26. Qa3 Bd3
27. Rf2 Bc4 28. Rb2 Ne4 29. Qxe7 Rxe7 30. Bb7 Nd6 31. Nc6 Rc7
32. Nxa7 Nxb7 33. axb7 Rxb7 34. Nc6 Rc7 35. Nd4 h6 36. Ra6 Rb8
37. Rb4 Bd3 38. Ra3 Rbc8 39. Ra6 Rb8 40. Rb3 g5 41. Rba3 Rc5
42. Ra8 Rxa8 43. Rxa8+ Kg7 44. Ra7 Kf6 45. Rb7 Bxb5 46. Rxb6
Bd3 47. Rb3 Ra5 48. Rb2 Ra3 49. Kf2 Rxc3 50. g3 Rc1 51. Nf3
gxf4 52. gxf4 Rc2+ 53. Rxc2 Bxc2 54. Kg3 Be4 55. Nd4 Ke7
56. Nc6+ Kd6 57. Ne5 Ke7 58. h4 f6 59. Ng4 h5 60. Nf2 Bf5
61. Nd1 Kd6 62. Nc3 Kc5 63. Kf2 Kc4 64. Ne2 e5 65. fxe5 fxe5
66. Ng3 Bg4 67. Nf1 Kd3 68. Ng3 Kc3 69. Nf1 d4 70. exd4 exd4
71. Ng3 Kd3 72. Nf1 Ke4 73. Nd2+ Kf4 74. Nb3 d3 75. Nd2 Be6
76. Nf1 Bd5 77. Ng3 Bf3 78. Nf1 Bd1 79. Ne3 Be2 80. Nc4 Kg4
81. Ke3 Kxh4 82. Kf4 Kh3 83. Nd2 h4 84. Kg5 Kg3 85. Ne4+ Kf3
86. Nd2+ Ke3 87. Nc4+ Kd4 88. Nd2 h3 0-1